Statistics for Updated Top 5 Cities in Missouri by Population

Click here to take the quiz!

General Stats

  • This quiz has been taken 38 times
  • The average score is 4 of 5

Answer Stats

CountyCity% Correct
----------St Louis
100%
JacksonKansas City
96%
GreeneSpringfield
62%
JacksonIndependence
58%
BooneColombia
50%

Score Distribution

Percentile by Number Answered

Percent of People with Each Score

Your Score History

You have not taken this quiz